Pennsylvania Cities By Picture - Statistics

General Stats
  • This quiz has been taken 47 times
  • The average score is 9 of 13
Answer Stats
Picture Answer % Correct
Philadelphia
95%
Pittsburgh
93%
Harrisburg
85%
Allentown
75%
Erie
70%
Scranton
70%
Gettysburg
68%
Lancaster
65%
Reading
63%
Hershey
60%
Williamsport
60%
Punxsutawney
55%
State College
53%
No matching quizzes found
Score Distribution
Percent of People with Each Score
Percentile by Number Answered
Your Score History
You have not taken this quiz